Responses for show #3982 - Tuesday, December 18, 2001

Champion's winnings matched to the Families of Freedom Scholarship Fund ($10,000 minimum).

Contestants

Timothy Mahoney, a development officer originally from Detroit, Michigan

Denese Edsall, an equal opportunity manager from Hollywood, Florida

Dana Greenblatt, a graduate student originally from Toledo, Ohio (whose 2-day cash winnings total $36,401)

Jeopardy! Round responses

FIRST THINGS FIRST
U.S. CITIES
THAT'S WHAT MAKES HORSE RACES
TAKING THE BAR EXAM
"B" ON THE LOOKOUT
CHRISTMAS RAPPINGS
    $200 18
Canada

Timothy
    $200 1
Philadelphia

Dana
    $200 26
won a race

Timothy
    $200 12
vodka

Dana
    $200 11
Big Dipper

Timothy
    $200 6
Santa Claus

Dana
    $400 19
"Crocodile Rock"

Timothy
    $400 2
Austin

Timothy
    $400 27
crop

Dana
    $400 14
wine

Dana
    $400 13
broccoli

Denese
    $400 7
Rudolph

Denese
    $600 20
Yuri Gagarin

Timothy
    $600 3
Las Vegas

Denese
    $600 28
furlong

Denese
    $600 15
gin

Timothy
    $600 23
Braille

Timothy
    $600 8
the Grinch

Dana
    $800 21
Bikini

Timothy
    $800 4
(Timothy: What is, um,...)
(Alex: Oh, too much time.)
(Timothy: Houston?)

Charlotte

DanaTimothy
    $800 16
malt liquor

Dana
    $800 24
boulder

Timothy
    $800 9
Frosty the Snowman

Timothy
    $1000 22
(Timothy: What is Pennsylvania?)
...
(Alex: Less than a minute now.)

New York

DanaTimothy
    $600 5
(Dana: [shook her head no[)
(Alex: Dana?)
(Dana: No idea.)

Salt Lake City, Utah

Dana
    $1000 17
(Timothy: What is wine... Japanese wine?)
(Alex: [Laughing] Be a little more specific.)
(Timothy: What is [*]?)
[Applause from Dana and Denese]
(Alex: It is wine. It's rice wine, of course, but we wanted you to differentiate it from the other grape wine.)

sake

Timothy
    $1000 25
Menachem Begin

Timothy
    $1000 10
[Applause for Alex]

David Bowie

Timothy

Scores at the first commercial break (after clue 13):

Dana Denese Timothy
$1,400 $1,400 $1,600

Scores at the end of the Jeopardy! Round:

Dana Denese Timothy
$4,000 $2,000 $6,800

Double Jeopardy! Round responses

BIBLICAL PEOPLE
THAT ZANY SCREWBALL COMEDY
FAMOUS HOMES
17th CENTURY AMERICA
"OLD" SCHOOL
FRENCH LITERATURE
    $400 1
Delilah

Denese
    $400 6
Claudette Colbert

Dana
    $400 16
American Gothic

Dana
    $400 21
Jamestown

Denese
    $400 11
old soldiers

Timothy
    $800 2
Solomon

Denese
    $800 7
What's Up Doc?

Timothy
    $800 17
Gracie Mansion

Timothy
    $800 22
(Alex: Minute to go.)

Puritan

Dana
    $800 12
Old Blood & Guts

Dana
    $2,000 3
Simon Peter

Denese
    $1200 8
(Dana: Who is Spencer Tracy?)

Ralph Bellamy

Dana
Triple Stumper
    $1200 18
(Timothy: Who is Cal Ripken?)

Babe Ruth

Timothy
Triple Stumper
    $200 23
(Dana: [shaking head no]...Who is John Smith?)
(Alex: No. Who is [*]?
Later became a famous pianist...200 years later.)
[Laughter.]

Roger Williams

Dana
    $1200 13
(Timothy: What is Ye Old Curiosity Shop?)
[Timothy's response was accepted and then ruled incorrect after the $1600 clue played.]

The Old Curiosity Shop

Timothy
Triple Stumper
    $1600 4
Joseph

Denese
    $1600 9
(Timothy: Who was...um...?)

(The) Front Page

DanaTimothy
    $1600 19
Dickinson

Timothy
    $1600 24
(Dana: Who is Mather?)
(Alex: Be more specific.)
(Dana: Constance?)

Cotton Mather

DanaTimothy
    $1600 14
"Old Folks at Home"

Triple Stumper
    $2000 5
Deborah

Dana
    $2000 10
(Denese: Who is Robert Redford?)

Howard Hawks

Denese
Triple Stumper
    $2000 20
Blair House

Timothy
    $2000 25
Massasoit

Triple Stumper
    $2000 15
The Old Kingdom

Triple Stumper

Scores at the end of the Double Jeopardy! Round:

Dana Denese Timothy
$7,000 $5,200 $10,000

[wagering suggestions for these scores]

Final Jeopardy! Round responses

COLONIAL TRADE
DeneseWhat are pine trees?
$5,200
DanaWhat is mistletoe
$3,500
TimothyWhat is nutmeg?
$5,000
nutmeg

Final scores:

Dana Denese Timothy
$3,500 $0 $15,000
2nd place: trip to Ireland + a subscription to The New York Times 3rd place: trip to Hard Rock Hotel in Las Vegas + a subscription to The New York Times New champion: $15,000

Game dynamics:

Coryat scores:

Dana Denese Timothy
$7,800 $4,400 $10,000
15 R,
4 W
(including 2 DDs)
9 R
(including 1 DD),
1 W
20 R,
5 W

Combined Coryat: $22,200

The J! Archive is created by fans, for fans. The Jeopardy! game show and all elements thereof, including but not limited to copyright and trademark thereto, are the property of Jeopardy Productions, Inc. and are protected under law. This website is not affiliated with, sponsored by, or operated by Jeopardy Productions, Inc. Join the discussion at JBoard.tv.